00242 a2200097 450000500170000008200140001710000150003124500460004626000240009230000280011620250629131811.0 a658.8 MBU aMBURA. O.K aManual on Practical Marketing in Tanzania aDar es Salaamc2005 a95p.;ill.; figurec26cm